Les zones d'Elden ring - Statistiques

Statistiques générales
  • Ce quiz a été pris 1 011 fois
  • Le résultat moyen est 7 sur 14
Statistiques - réponses
Hint Réponse % Correct
5 Caelid
91%
1 Nécrolimbe
90%
3 Liurnia
72%
6 Plateau d'Altus
66%
8 Leyndell
63%
14 Farum Azula
59%
2 Siofra
47%
7 Mont Gelmir
44%
10 Cimes des géants
43%
13 Arbre sacré de Miquella
33%
4 Ainsel
31%
9 Fonderacine
22%
12 Palais Mohgwyn
14%
11 Champs de neige consacrés
4%
Aucun quiz correspondant
Distribution des résultats
% des personnes avec chaque résultat
Percentile par nombre de réponses
Votre historique - résultats
Vous n’avez pas pris ce quiz